000 00268nam a2200109Ia 4500
008 200302s9999 xx 000 0 und d
100 _aDan Klein & ward Lloyd
245 _aThe History of Glass
260 _bLittle Brown and Company
260 _c2000
300 _a288 P.,
999 _c5130
_d5130